000 00858nam a2200265Ia 4500
003 OSt
005 20220928115724.0
006 a|||||r|||| 00| 0
007 ta
008 220927b |||||||| |||| 00| 0 eng d
020 _c1300
024 _a118832
037 _b134, 11/03/2013, Excel Book International
_cTextual
040 _aSDCL
_cSDCL
_beng
041 _2eng
_aeng
082 _a2:98(D6,8(B)), Q3
100 _aDhawan S.M Ed.
_9445768
245 0 _aAcademic library services through cloud computing
_b Moving libraries to the web.
260 _aDelhi
_bIndo American Books
_c2013
300 _axi,343p.
_ccm.
650 _aReference
700 _a Majumdar S. Ed.
_9445769
942 _h2:98(D6,8(B)), Q3
_cTEXL
_2CC
999 _c760662
_d760662